Tous les drapeaux des pays classés par initiale en 2 minutes - Statistiques

Statistiques générales
  • Ce quiz a été pris 143 fois
  • Le résultat moyen est 71 sur 196
Statistiques - réponses
Par images Réponse % Correct
Espagne
59%
Inde
49%
Islande
48%
Norvège
48%
Kenya
47%
Pérou
47%
République tchèque
47%
Suisse
47%
Turquie
47%
Barbade
46%
Éthiopie
46%
Japon
46%
Angola
44%
Biélorussie
44%
Bosnie-Herzégovine
44%
Israël
44%
Macédoine du Nord
44%
Nouvelle-Zélande
44%
Pays-Bas
44%
Suriname
44%
France
43%
Jamaïque
43%
Luxembourg
43%
Mozambique
43%
Palaos
43%
Portugal
43%
Russie
43%
Albanie
42%
Bangladesh
42%
Belgique
42%
Irlande
42%
Sainte-Lucie
42%
Arabie Saoudite
41%
Bénin
41%
Brunei
41%
Burundi
41%
Canada
41%
Comores
41%
Équateur
41%
Guinée-Bissau
41%
Italie
41%
Kirghizistan
41%
Liban
41%
Malaisie
41%
Népal
41%
Royaume-Uni
41%
Thaïlande
41%
Trinité-et-Tobago
41%
Tunisie
41%
Belize
40%
Bhoutan
40%
Bulgarie
40%
Corée du Nord
40%
Côte d'Ivoire
40%
Croatie
40%
Etats-Unis
40%
Guatemala
40%
Guinée équatoriale
40%
Jordanie
40%
Afghanistan
38%
Australie
38%
Bahreïn
38%
Burkina Faso
38%
Chypre
38%
Gabon
38%
Kazakhstan
38%
Liberia
38%
Monténégro
38%
Oman
38%
Ouganda
38%
Pologne
38%
République démocratique du Congo
38%
Saint-Marin
38%
Serbie
38%
Suède
38%
Togo
38%
Turkménistan
38%
Algérie
37%
Argentine
37%
Bahamas
37%
Brésil
37%
Cap-Vert
37%
Chili
37%
Chine
37%
Colombie
37%
Fidji
37%
Grèce
37%
Guyana
37%
Indonésie
37%
Maroc
37%
Paraguay
37%
Seychelles
37%
Sri Lanka
37%
Tchad
37%
Ukraine
37%
Zimbabwe
37%
Allemagne
36%
Cuba
36%
Danemark
36%
Estonie
36%
Irak
36%
Kosovo
36%
Lettonie
36%
Malte
36%
Mauritanie
36%
Monaco
36%
Pakistan
36%
Panama
36%
Slovaquie
36%
Soudan
36%
Timor oriental
36%
Viêt Nam
36%
Zambie
36%
Arménie
35%
Cameroun
35%
Costa Rica
35%
Émirats arabes unis
35%
Érythrée
35%
Hongrie
35%
Lesotho
35%
Madagascar
35%
Mexique
35%
Mongolie
35%
Niger
35%
Ouzbékistan
35%
Philippines
35%
Qatar
35%
Soudan du Sud
35%
Tadjikistan
35%
Tonga
35%
Vatican
35%
Venezuela
35%
Andorre
33%
Azerbaïdjan
33%
Gambie
33%
Géorgie
33%
Kiribati
33%
Lituanie
33%
Namibie
33%
Nicaragua
33%
Saint-Vincent-et-les- Grenadines
33%
Sierra Leone
33%
Cambodge
32%
Djibouti
32%
Grenade
32%
Honduras
32%
Iran
32%
Maldives
32%
Micronésie
32%
Nigeria
32%
République Centrafricaine
32%
Yémen
32%
Bolivie
31%
Corée du Sud
31%
Égypte
31%
Îles Marshall
31%
Libye
31%
Malawi
31%
Moldavie
31%
République dominicaine
31%
Samoa
31%
Singapour
31%
Taïwan
31%
Tanzanie
31%
Afrique du Sud
30%
Antigua-et-Barbuda
30%
Finlande
30%
Ghana
30%
Koweït
30%
Papouasie-Nouvelle- Guinée
30%
Rwanda
30%
Saint-Christophe- et-Niévès
30%
Salomon
30%
Sao Tomé-et-Principe
30%
Uruguay
30%
Autriche
28%
Birmanie
28%
Eswatini
28%
Guinée
28%
Laos
28%
Nauru
28%
Salvador
28%
Sénégal
28%
Slovénie
28%
Somalie
28%
Botswana
27%
Dominique
27%
Haïti
27%
Liechtenstein
27%
Syrie
26%
Vanuatu
26%
République du Congo
25%
Mali
23%
Île Maurice
22%
Tuvalu
22%
Roumanie
21%
Aucun quiz correspondant
Distribution des résultats
% des personnes avec chaque résultat
Percentile par nombre de réponses
Votre historique - résultats
Vous n’avez pas pris ce quiz